Statistics for Countries by Lake

Click here to take the quiz!

General Stats

  • This quiz has been taken 239 times
  • The average score is 14 of 20

Answer Stats

Lake Country % Correct
MichiganU.S.A.
98%
WinnipegCanada
97%
BaikalRussia
96%
QinghaiChina
95%
ArgentinoArgentina
95%
NicaraguaNicaragua
94%
BiwaJapan
79%
ComoItaly
79%
VanTurkey
76%
MaracaiboVenezuela
69%
SaimaaFinland
68%
HornindalsvatnetNorway
64%
VanernSweden
61%
BalkhashKazakhstan
56%
KhovsgolMongolia
51%
UrmiaIran
44%
TurkanaKenya
43%
TobaIndonesia
40%
Issyk-KulKyrgyzstan
29%
HaurokoNew Zealand
29%

Score Distribution

Percentile by Number Answered

Percent of People with Each Score

Your Score History

You have not taken this quiz